[Event "Aalborg "]
[Site "Aalborg"]
[Date "1999.??.??"]
[Round "7"]
[White "Andreasen, Per Naesby"]
[Black "Nielsen, Jan"]
[Result "1/2-1/2"]
[WhiteElo "2309"]
[BlackElo "2219"]
[PlyCount "106"]
[EventDate "1999.??.??"]
[EventType "tourn"]
[EventRounds "7"]
[EventCountry "DEN"]
[EventCategory "1"]
[SourceTitle "EXT 2001"]
[Source "ChessBase"]
[SourceDate "2000.11.22"]

1. d4 Nf6 2. Nf3 e6 3. c4 Bb4+ 4. Nbd2 O-O 5. e3 d6 6. Be2 Nc6 7. O-O Bxd2 8.
Nxd2 e5 9. d5 Ne7 10. e4 Nd7 11. b4 a5 12. bxa5 Rxa5 13. Nb3 Ra8 14. Qc2 b6 15.
a4 f5 16. exf5 Nxf5 17. Bd3 Nc5 18. Nxc5 bxc5 19. Bxf5 Rxf5 20. Ra3 Rh5 21. f4
Qh4 22. g3 Qh3 23. fxe5 Rxe5 24. Bb2 Re7 25. Qf2 Bg4 26. Re3 Qxf1+ 27. Kxf1 Rf7
28. a5 Bh3+ 29. Ke2 Rxf2+ 30. Kxf2 Rxa5 31. Ra3 Rxa3 32. Bxa3 Kf7 33. Bb2 g6
34. Bc3 Ke7 35. Ba5 Kd7 36. Ke2 c6 37. dxc6+ Kxc6 38. Bd2 d5 39. cxd5+ Kxd5 40.
Kd3 Bf1+ 41. Kc3 Bh3 42. Bf4 h5 43. Bc7 g5 44. Bd8 g4 45. Bg5 Bf1 46. Be7 c4
47. Bd8 Ke4 48. Be7 Kf3 49. Bd8 Kg2 50. Be7 Kxh2 51. Bh4 Kg2 52. Kd2 Kf3 53.
Kc3 Bd3 1/2-1/2

[Event "Aalborg "]
[Site "Aalborg"]
[Date "1999.??.??"]
[Round "3"]
[White "Andreasen, Per Naesby"]
[Black "Bentzen, Eric"]
[Result "1/2-1/2"]
[WhiteElo "2309"]
[BlackElo "2360"]
[PlyCount "20"]
[EventDate "1999.??.??"]
[EventType "tourn"]
[EventRounds "7"]
[EventCountry "DEN"]
[EventCategory "1"]
[SourceTitle "EXT 2001"]
[Source "ChessBase"]
[SourceDate "2000.11.22"]

1. c4 e6 2. Nf3 d5 3. d4 Nf6 4. Bg5 Be7 5. e3 Nbd7 6. Nc3 O-O 7. Be2 dxc4 8.
Bxc4 c5 9. O-O a6 10. dxc5 Nxc5 1/2-1/2

[Event "Aalborg "]
[Site "Aalborg"]
[Date "1999.??.??"]
[Round "5"]
[White "Andreasen, Per Naesby"]
[Black "Nielsen, Tommy"]
[Result "1/2-1/2"]
[WhiteElo "2309"]
[BlackElo "2191"]
[PlyCount "66"]
[EventDate "1999.??.??"]
[EventType "tourn"]
[EventRounds "7"]
[EventCountry "DEN"]
[EventCategory "1"]
[SourceTitle "EXT 2001"]
[Source "ChessBase"]
[SourceDate "2000.11.22"]

1. Nf3 c5 2. c4 Nc6 3. Nc3 Nf6 4. g3 g6 5. Bg2 Bg7 6. O-O O-O 7. d4 cxd4 8.
Nxd4 Nxd4 9. Qxd4 d6 10. Rd1 a6 11. Qd2 Qc7 12. b3 Bd7 13. Bb2 Rfc8 14. Rac1
Qb6 15. e4 Bc6 16. Nd5 Nxd5 17. Bxg7 Nf4 18. Qxf4 Kxg7 19. c5 dxc5 20. Qe5+ Kg8
21. Qxe7 Rd8 22. e5 Rxd1+ 23. Rxd1 Re8 24. Qf6 Qc7 25. Bxc6 bxc6 26. Rd6 Qa5
27. Kf1 Qxa2 28. Rd8 Qb1+ 29. Kg2 Qe4+ 30. f3 Qe2+ 31. Kh3 Rxd8 32. Qxd8+ Kg7
33. Qf6+ Kg8 1/2-1/2

[Event "Aalborg "]
[Site "Aalborg"]
[Date "1999.??.??"]
[Round "1"]
[White "Andreasen, Per Naesby"]
[Black "Jakobsen, Lars Veno"]
[Result "1/2-1/2"]
[WhiteElo "2309"]
[BlackElo "2325"]
[PlyCount "59"]
[EventDate "1999.??.??"]
[EventType "tourn"]
[EventRounds "7"]
[EventCountry "DEN"]
[EventCategory "1"]
[SourceTitle "EXT 2001"]
[Source "ChessBase"]
[SourceDate "2000.11.22"]

1. c4 Nf6 2. g3 c6 3. b3 d5 4. Bb2 Bf5 5. Nf3 e6 6. Bg2 h6 7. O-O Be7 8. d3 O-O
9. Nbd2 a5 10. a3 Nbd7 11. Rc1 Bh7 12. Rc2 Ne8 13. Qa1 Bf6 14. Ne5 Nxe5 15.
Bxe5 Bxe5 16. Qxe5 Qf6 17. Qxf6 Nxf6 18. Rb1 Nd7 19. cxd5 exd5 20. Nf3 Rfe8 21.
Bh3 Ne5 22. Nxe5 Rxe5 23. b4 axb4 24. axb4 d4 25. Bg4 Bf5 26. f4 Rb5 27. Bxf5
Rxf5 28. Rc5 Rxc5 29. bxc5 Re8 30. Kf2 1/2-1/2

[Event "Aalborg "]
[Site "Aalborg"]
[Date "1999.??.??"]
[Round "4"]
[White "Bentzen, Eric"]
[Black "Jakobsen, Lars Veno"]
[Result "0-1"]
[WhiteElo "2360"]
[BlackElo "2325"]
[PlyCount "146"]
[EventDate "1999.??.??"]
[EventType "tourn"]
[EventRounds "7"]
[EventCountry "DEN"]
[EventCategory "1"]
[SourceTitle "EXT 2001"]
[Source "ChessBase"]
[SourceDate "2000.11.22"]

1. d4 Nf6 2. Nf3 e6 3. e3 b6 4. Bd3 Bb7 5. Nbd2 c5 6. c3 Nc6 7. O-O Be7 8. Re1
cxd4 9. exd4 O-O 10. Qe2 a6 11. Nf1 d6 12. Ng3 Re8 13. Bg5 Nb8 14. Bc2 Nbd7 15.
h4 Nf8 16. Rad1 Qc7 17. Qd3 Bd5 18. Bb1 Qc6 19. Bxf6 Bxf6 20. Ne4 Be7 21. h5 b5
22. Rc1 Rac8 23. Ned2 Qb7 24. b3 h6 25. c4 bxc4 26. bxc4 Bc6 27. Bc2 Qb4 28. d5
exd5 29. cxd5 Bb5 30. Qe4 Qb2 31. Qf5 g6 32. hxg6 fxg6 33. Qe4 Bf6 34. Rb1 Qxc2
35. Qxc2 Rxc2 36. Ne4 Rxe4 37. Rxe4 Rxa2 38. Rc1 Ra1 39. Rxa1 Bxa1 40. Re7 Bd7
41. Nd2 Bf6 42. Re4 Kf7 43. Nc4 Be7 44. Re3 Bb5 45. Nb6 Bf6 46. Rf3 Kg7 47. Nc8
Be5 48. Rb3 Nd7 49. Na7 Nc5 50. Rb4 Bc3 51. Rb1 Bd3 52. Rb6 Ne4 53. Nc8 Bd4 54.
Rb7+ Kf6 55. Re7 Bxf2+ 56. Kh1 Ng3+ 57. Kh2 Bf5 58. Re8 Nf1+ 59. Kh1 Ng3+ 60.
Kh2 Nf1+ 61. Kh1 Bc5 62. Rf8+ Kg5 63. Ne7 Ng3+ 64. Kh2 Nf1+ 65. Kh1 Bd3 66. Rf3
Be2 67. Rf8 Ng3+ 68. Kh2 Nf1+ 69. Kh1 Ng3+ 70. Kh2 Nf5 71. Nc6 Bc4 72. Ra8 Bxd5
73. Rxa6 Bxc6 0-1

[Event "Aalborg "]
[Site "Aalborg"]
[Date "1999.??.??"]
[Round "7"]
[White "Bentzen, Eric"]
[Black "Christensen, Stefan"]
[Result "1-0"]
[WhiteElo "2360"]
[BlackElo "2196"]
[PlyCount "57"]
[EventDate "1999.??.??"]
[EventType "tourn"]
[EventRounds "7"]
[EventCountry "DEN"]
[EventCategory "1"]
[SourceTitle "EXT 2001"]
[Source "ChessBase"]
[SourceDate "2000.11.22"]

1. d4 Nf6 2. Nf3 e6 3. e3 b6 4. Bd3 Bb7 5. Nbd2 c5 6. c3 Nc6 7. O-O Be7 8. Re1
O-O 9. a3 Qc7 10. e4 a5 11. Qe2 a4 12. e5 Nd5 13. Nf1 c4 14. Bxc4 Na5 15. Bb5
Nb3 16. Rb1 Nxc1 17. Rbxc1 Nf4 18. Qe3 g5 19. h3 f6 20. exf6 Rxf6 21. N1d2 Raf8
22. Be2 h5 23. Ne4 Rf5 24. Ne5 Bd6 25. Nxd6 Qxd6 26. Bf3 Bxf3 27. Qxf3 Qe7 28.
Qb7 Kg7 29. Qxd7 1-0

[Event "Aalborg "]
[Site "Aalborg"]
[Date "1999.??.??"]
[Round "2"]
[White "Bentzen, Eric"]
[Black "Christiansen, Jens Jorgen"]
[Result "1/2-1/2"]
[WhiteElo "2360"]
[BlackElo "2210"]
[PlyCount "83"]
[EventDate "1999.??.??"]
[EventType "tourn"]
[EventRounds "7"]
[EventCountry "DEN"]
[EventCategory "1"]
[SourceTitle "EXT 2001"]
[Source "ChessBase"]
[SourceDate "2000.11.22"]

1. d4 d5 2. c4 c6 3. Nf3 dxc4 4. e3 b5 5. a4 e6 6. b3 Bb4+ 7. Bd2 Bxd2+ 8.
Nfxd2 cxb3 9. axb5 b2 10. Ra2 Ne7 11. Rxb2 O-O 12. Be2 Bb7 13. O-O cxb5 14.
Bxb5 Nd7 15. Nc3 Nb6 16. Be2 Ned5 17. Nxd5 Qxd5 18. Bf3 Qd7 19. Bxb7 Qxb7 20.
Nc4 Qc6 21. Nxb6 axb6 22. Qb1 Rfb8 23. Rc1 Qd6 24. Rb5 g6 25. g3 Ra5 26. Qb2
Qa3 27. Qxa3 Rxa3 28. Rc6 Ra6 29. Kg2 Kf8 30. Kf3 Rb7 31. e4 Ra3+ 32. Kf4 Ra4
33. Ke3 Ra3+ 34. Kf4 Ra4 35. Rd6 Ke7 36. e5 h6 37. h4 Rd7 38. Rxd7+ Kxd7 39.
Rxb6 Rxd4+ 40. Ke3 Rc4 41. Rb7+ Ke8 42. Rb8+ 1/2-1/2

[Event "Aalborg "]
[Site "Aalborg"]
[Date "1999.??.??"]
[Round "4"]
[White "Christensen, Stefan"]
[Black "Andreasen, Per Naesby"]
[Result "1-0"]
[WhiteElo "2196"]
[BlackElo "2309"]
[PlyCount "45"]
[EventDate "1999.??.??"]
[EventType "tourn"]
[EventRounds "7"]
[EventCountry "DEN"]
[EventCategory "1"]
[SourceTitle "EXT 2001"]
[Source "ChessBase"]
[SourceDate "2000.11.22"]

1. e4 g6 2. d4 Bg7 3. Nc3 c6 4. Bc4 d5 5. exd5 b5 6. Bb3 b4 7. Nce2 cxd5 8. a3
bxa3 9. Rxa3 Nf6 10. Nf3 O-O 11. O-O Nc6 12. Ne5 Qb6 13. Ba4 Nxe5 14. dxe5 Ng4
15. Rb3 Qc7 16. f4 Ba6 17. Bb5 Rab8 18. Bxa6 Rxb3 19. cxb3 Qb6+ 20. Nd4 Nxe5
21. fxe5 Bxe5 22. Be3 Qxa6 23. Nf3 1-0

[Event "Aalborg "]
[Site "Aalborg"]
[Date "1999.??.??"]
[Round "1"]
[White "Christensen, Stefan"]
[Black "Nielsen, Jan"]
[Result "0-1"]
[WhiteElo "2196"]
[BlackElo "2219"]
[PlyCount "106"]
[EventDate "1999.??.??"]
[EventType "tourn"]
[EventRounds "7"]
[EventCountry "DEN"]
[EventCategory "1"]
[SourceTitle "EXT 2001"]
[Source "ChessBase"]
[SourceDate "2000.11.22"]

1. e4 c5 2. Nf3 Nc6 3. d4 cxd4 4. Nxd4 Nf6 5. Nc3 d6 6. f4 g6 7. Nxc6 bxc6 8.
e5 Nd7 9. exd6 exd6 10. Be3 Be7 11. Qd2 O-O 12. O-O-O d5 13. h4 Nf6 14. h5 Nxh5
15. Be2 Ng3 16. Rh2 h5 17. Bf3 Bf6 18. Bf2 h4 19. Ne2 Rb8 20. Bd4 Nf5 21. Bxf6
Qxf6 22. c3 Re8 23. Rdh1 Ba6 24. Re1 d4 25. Rhh1 c5 26. cxd4 Bxe2 27. Rxe2 Rxe2
28. Bxe2 Nxd4 29. Bc4 Rd8 30. Qf2 g5 31. Rf1 g4 32. f5 Re8 33. Qf4 g3 34. Qg4+
Kf8 35. Qh5 Re5 36. Bd3 c4 37. Bxc4 Rc5 38. b3 Rxf5 39. Rxf5 Nxf5 40. Kb1 Ne3
41. Qc5+ Qe7 42. Qd4 Kg8 43. Bd3 Nxg2 44. Qg4+ Kf8 45. Qc8+ Kg7 46. Qg4+ Kh6
47. Qg8 Qe1+ 48. Kb2 Qd2+ 49. Bc2 Ne3 50. Qh8+ Kg5 51. Qg7+ Kf4 52. Qxf7+ Kg4
53. Qe6+ Kf3 0-1

[Event "Aalborg "]
[Site "Aalborg"]
[Date "1999.??.??"]
[Round "2"]
[White "Christensen, Stefan"]
[Black "Nielsen, Tommy"]
[Result "1/2-1/2"]
[WhiteElo "2196"]
[BlackElo "2191"]
[PlyCount "71"]
[EventDate "1999.??.??"]
[EventType "tourn"]
[EventRounds "7"]
[EventCountry "DEN"]
[EventCategory "1"]
[SourceTitle "EXT 2001"]
[Source "ChessBase"]
[SourceDate "2000.11.22"]

1. e4 e5 2. Nf3 Nc6 3. Bb5 a6 4. Ba4 Nf6 5. d4 exd4 6. O-O Be7 7. e5 Ne4 8.
Nxd4 O-O 9. Nf5 d5 10. Nxe7+ Nxe7 11. Bb3 c6 12. Qe2 Nc5 13. Be3 Nxb3 14. axb3
Re8 15. Qd2 Ng6 16. f4 Bf5 17. Bd4 h5 18. b4 Nf8 19. Nc3 Re6 20. Nd1 Rh6 21.
Ne3 Qd7 22. c3 Re8 23. Rf3 h4 24. Rf2 Qe6 25. Qe2 Qg6 26. Rd1 Rh5 27. Kf1 Qh7
28. c4 dxc4 29. Nxc4 Rd8 30. Nd6 Ne6 31. Bb6 Rd7 32. Kg1 Qg6 33. Rd2 Nf8 34.
Qf3 Rh6 35. Qe3 Qe6 36. Qc3 1/2-1/2

[Event "Aalborg "]
[Site "Aalborg"]
[Date "1999.??.??"]
[Round "6"]
[White "Christensen, Stefan"]
[Black "Jorgensen, Jorgen"]
[Result "0-1"]
[WhiteElo "2196"]
[BlackElo "2264"]
[PlyCount "68"]
[EventDate "1999.??.??"]
[EventType "tourn"]
[EventRounds "7"]
[EventCountry "DEN"]
[EventCategory "1"]
[SourceTitle "EXT 2001"]
[Source "ChessBase"]
[SourceDate "2000.11.22"]

1. e4 Nf6 2. e5 Nd5 3. d4 d6 4. c4 Nb6 5. exd6 exd6 6. Nc3 Be7 7. Qf3 Nc6 8.
Be3 O-O 9. O-O-O Bg5 10. h4 Bxe3+ 11. fxe3 a5 12. Nh3 Bxh3 13. Rxh3 a4 14. c5
Nd7 15. Bb5 a3 16. b3 dxc5 17. Bxc6 bxc6 18. Qxc6 cxd4 19. Rxd4 Ne5 20. Rxd8
Nxc6 21. Rd7 Ne5 22. Rxc7 Rfd8 23. e4 Rd4 24. Rh1 Nd3+ 25. Kb1 Nf2 26. Rf1 Rd2
27. Nd5 Rb2+ 28. Ka1 h5 29. Ne7+ Kh7 30. Nd5 Kg8 31. Ne7+ Kh7 32. Nd5 Rd8 33.
Rxf7 Nxe4 34. Nc7 Rdd2 0-1

[Event "Aalborg "]
[Site "Aalborg"]
[Date "1999.??.??"]
[Round "5"]
[White "Christiansen, Jens Jorgen"]
[Black "Nielsen, Jan"]
[Result "1/2-1/2"]
[WhiteElo "2210"]
[BlackElo "2219"]
[PlyCount "29"]
[EventDate "1999.??.??"]
[EventType "tourn"]
[EventRounds "7"]
[EventCountry "DEN"]
[EventCategory "1"]
[SourceTitle "EXT 2001"]
[Source "ChessBase"]
[SourceDate "2000.11.22"]

1. d4 c5 2. d5 e5 3. Nc3 d6 4. e4 g6 5. g3 Bg7 6. Bg2 Ne7 7. Nge2 Na6 8. Be3
Nc7 9. a4 Bd7 10. Qd2 a6 11. Bh6 Bxh6 12. Qxh6 Ng8 13. Qe3 Nf6 14. O-O h5 15.
h4 1/2-1/2

[Event "Aalborg "]
[Site "Aalborg"]
[Date "1999.??.??"]
[Round "6"]
[White "Christiansen, Jens Jorgen"]
[Black "Andreasen, Per Naesby"]
[Result "1/2-1/2"]
[WhiteElo "2210"]
[BlackElo "2309"]
[PlyCount "20"]
[EventDate "1999.??.??"]
[EventType "tourn"]
[EventRounds "7"]
[EventCountry "DEN"]
[EventCategory "1"]
[SourceTitle "EXT 2001"]
[Source "ChessBase"]
[SourceDate "2000.11.22"]

1. g3 d5 2. Nf3 Bg4 3. Bg2 e6 4. O-O Nd7 5. d3 Ngf6 6. c3 Be7 7. Qc2 O-O 8.
Nbd2 c6 9. e4 dxe4 10. Nxe4 Nxe4 1/2-1/2

[Event "Aalborg "]
[Site "Aalborg"]
[Date "1999.??.??"]
[Round "3"]
[White "Christiansen, Jens Jorgen"]
[Black "Christensen, Stefan"]
[Result "0-1"]
[WhiteElo "2210"]
[BlackElo "2196"]
[PlyCount "86"]
[EventDate "1999.??.??"]
[EventType "tourn"]
[EventRounds "7"]
[EventCountry "DEN"]
[EventCategory "1"]
[SourceTitle "EXT 2001"]
[Source "ChessBase"]
[SourceDate "2000.11.22"]

1. d4 Nf6 2. c4 e6 3. Nf3 b6 4. e3 Bb7 5. Bd3 c5 6. O-O Nc6 7. Nc3 cxd4 8. exd4
d5 9. cxd5 Nxd5 10. Re1 Be7 11. Ne5 Nxe5 12. Rxe5 O-O 13. Nxd5 Bxd5 14. Qh5 f5
15. Re2 Bf6 16. Be3 Qd6 17. a3 g6 18. Qh6 Bg7 19. Qg5 f4 20. Bd2 a5 21. Bc3 f3
22. Re3 fxg2 23. Be4 Bxe4 24. Rxe4 Rxf2 25. Qg3 Qxg3 26. hxg3 Raf8 27. Rae1
Rf1+ 28. Kxg2 R8f2+ 29. Kh3 Rxe1 30. Rxe1 Kf7 31. g4 Rf3+ 32. Kg2 Rd3 33. Re4
Rd1 34. Kf3 h5 35. Rf4+ Ke7 36. gxh5 Rf1+ 37. Ke4 Rxf4+ 38. Kxf4 gxh5 39. Kg5
Kd6 40. Kg6 Bh8 41. Kh7 Bf6 42. Kg6 Bh4 43. Kxh5 Bf2 0-1

[Event "Aalborg "]
[Site "Aalborg"]
[Date "1999.??.??"]
[Round "1"]
[White "Christiansen, Jens Jorgen"]
[Black "Jorgensen, Jorgen"]
[Result "1/2-1/2"]
[WhiteElo "2210"]
[BlackElo "2264"]
[PlyCount "77"]
[EventDate "1999.??.??"]
[EventType "tourn"]
[EventRounds "7"]
[EventCountry "DEN"]
[EventCategory "1"]
[SourceTitle "EXT 2001"]
[Source "ChessBase"]
[SourceDate "2000.11.22"]

1. d4 e6 2. g3 f5 3. Bg2 Nf6 4. Nh3 d5 5. O-O Bd6 6. c4 c6 7. Qc2 O-O 8. Bf4 b6
9. Rd1 Bb7 10. cxd5 cxd5 11. Nc3 Nc6 12. Nb5 Bxf4 13. Nxf4 Qe7 14. h4 Rac8 15.
Qd2 Rfd8 16. Rac1 Kf7 17. e3 Ne4 18. Qe1 Nd6 19. Nc3 Ne4 20. Nxe4 dxe4 21. Bf1
Nb4 22. a3 Nd5 23. Nxd5 Bxd5 24. Rc3 Rxc3 25. Qxc3 Bb7 26. Rc1 Rc8 27. Qd2 Qd7
28. Be2 Rxc1+ 29. Qxc1 Bd5 30. Qc3 Qc6 31. Qxc6 Bxc6 32. g4 fxg4 33. Bxg4 Kf6
34. Kh2 e5 35. Kg3 Bd5 36. Bc8 exd4 37. exd4 g5 38. Bd7 a5 39. b4 1/2-1/2

[Event "Aalborg "]
[Site "Aalborg"]
[Date "1999.??.??"]
[Round "5"]
[White "Jakobsen, Lars Veno"]
[Black "Christensen, Stefan"]
[Result "1-0"]
[WhiteElo "2325"]
[BlackElo "2196"]
[PlyCount "67"]
[EventDate "1999.??.??"]
[EventType "tourn"]
[EventRounds "7"]
[EventCountry "DEN"]
[EventCategory "1"]
[SourceTitle "EXT 2001"]
[Source "ChessBase"]
[SourceDate "2000.11.22"]

1. d4 Nf6 2. c4 e6 3. Nc3 Bb4 4. Qc2 O-O 5. a3 Bxc3+ 6. Qxc3 b5 7. cxb5 c6 8.
bxc6 Nxc6 9. e3 Bb7 10. Nf3 Rc8 11. Qd3 Ne7 12. Qd1 Be4 13. Bd3 Qc7 14. O-O
Bxd3 15. Qxd3 Qc2 16. Ne1 Qxd3 17. Nxd3 Rc2 18. f3 Rfc8 19. Rd1 Re2 20. Ne1
Nfd5 21. e4 Ne3 22. Bxe3 Rxe3 23. Rac1 Re2 24. Nd3 Rcc2 25. Rxc2 Rxc2 26. Rc1
Rd2 27. Ne5 Rxd4 28. Rc7 f6 29. Rxd7 fxe5 30. Rxe7 a5 31. Rxe6 Rd1+ 32. Kf2
Rd2+ 33. Kg3 Rxb2 34. Rxe5 1-0

[Event "Aalborg "]
[Site "Aalborg"]
[Date "1999.??.??"]
[Round "7"]
[White "Jakobsen, Lars Veno"]
[Black "Christiansen, Jens Jorgen"]
[Result "1-0"]
[WhiteElo "2325"]
[BlackElo "2210"]
[PlyCount "53"]
[EventDate "1999.??.??"]
[EventType "tourn"]
[EventRounds "7"]
[EventCountry "DEN"]
[EventCategory "1"]
[SourceTitle "EXT 2001"]
[Source "ChessBase"]
[SourceDate "2000.11.22"]

1. c4 c6 2. d4 d5 3. Nf3 Nf6 4. Nc3 dxc4 5. a4 Bf5 6. Ne5 e6 7. f3 Bb4 8. Nxc4
Nbd7 9. e4 Bg6 10. Be3 Qe7 11. Be2 O-O 12. O-O e5 13. dxe5 Bxc3 14. bxc3 Nxe5
15. Qd6 Qxd6 16. Nxd6 b6 17. a5 Ned7 18. Rfd1 Rfd8 19. g4 h6 20. h4 Kf8 21. g5
hxg5 22. hxg5 Ne8 23. Nb7 Ke7 24. Nxd8 Rxd8 25. axb6 axb6 26. Ra7 c5 27. Bb5
1-0

[Event "Aalborg "]
[Site "Aalborg"]
[Date "1999.??.??"]
[Round "3"]
[White "Jakobsen, Lars Veno"]
[Black "Jorgensen, Jorgen"]
[Result "1-0"]
[WhiteElo "2325"]
[BlackElo "2264"]
[PlyCount "41"]
[EventDate "1999.??.??"]
[EventType "tourn"]
[EventRounds "7"]
[EventCountry "DEN"]
[EventCategory "1"]
[SourceTitle "EXT 2001"]
[Source "ChessBase"]
[SourceDate "2000.11.22"]

1. d4 f5 2. g3 Nf6 3. Bg2 g6 4. c3 Bg7 5. Qb3 c6 6. Nd2 d5 7. Nh3 O-O 8. Nf3
Ng4 9. Nf4 e5 10. dxe5 Nxe5 11. Nxe5 Bxe5 12. O-O Qe7 13. Be3 Nd7 14. Rad1 Re8
15. Rfe1 Bg7 16. Bd4 Nc5 17. Bxc5 Qxc5 18. Bxd5+ Kh8 19. Bf7 Rf8 20. Qc4 Qe7
21. Bxg6 1-0

[Event "Aalborg "]
[Site "Aalborg"]
[Date "1999.??.??"]
[Round "2"]
[White "Jorgensen, Jorgen"]
[Black "Andreasen, Per Naesby"]
[Result "1/2-1/2"]
[WhiteElo "2264"]
[BlackElo "2309"]
[PlyCount "53"]
[EventDate "1999.??.??"]
[EventType "tourn"]
[EventRounds "7"]
[EventCountry "DEN"]
[EventCategory "1"]
[SourceTitle "EXT 2001"]
[Source "ChessBase"]
[SourceDate "2000.11.22"]

1. d4 c5 2. d5 e5 3. e4 d6 4. Nc3 Be7 5. Bb5+ Nd7 6. f4 exf4 7. Bxf4 Ngf6 8.
Nf3 O-O 9. O-O Nh5 10. Be3 Nhf6 11. a4 a6 12. Bxd7 Nxd7 13. Bf4 Qb6 14. a5 Qxb2
15. Qd2 Bf6 16. e5 dxe5 17. Rfb1 Qxa1 18. Rxa1 exf4 19. Re1 b5 20. Ne4 Bb7 21.
Nd6 Rab8 22. Nxb7 Rxb7 23. Qxf4 Nb8 24. Rd1 Rd8 25. d6 Rbd7 26. Rd5 Nc6 27. g4
1/2-1/2

[Event "Aalborg "]
[Site "Aalborg"]
[Date "1999.??.??"]
[Round "7"]
[White "Jorgensen, Jorgen"]
[Black "Nielsen, Tommy"]
[Result "1/2-1/2"]
[WhiteElo "2264"]
[BlackElo "2191"]
[PlyCount "77"]
[EventDate "1999.??.??"]
[EventType "tourn"]
[EventRounds "7"]
[EventCountry "DEN"]
[EventCategory "1"]
[SourceTitle "EXT 2001"]
[Source "ChessBase"]
[SourceDate "2000.11.22"]

1. Nf3 f5 2. d4 Nf6 3. g3 e6 4. Bg2 Be7 5. O-O O-O 6. c4 d6 7. b3 Nbd7 8. Bb2
Ne4 9. Nbd2 Ndf6 10. Ne1 Qe8 11. f3 Nxd2 12. Qxd2 Nd7 13. Nd3 Bf6 14. f4 Rb8
15. e4 b6 16. e5 dxe5 17. fxe5 Be7 18. d5 Nc5 19. Nf4 Bg5 20. Qd4 Bb7 21. Ba3
exd5 22. Bxd5+ Bxd5 23. cxd5 Be7 24. d6 cxd6 25. exd6 Bf6 26. Qd5+ Qf7 27. Rad1
Nd7 28. Rfe1 Rfe8 29. Kf1 Re5 30. Rxe5 Bxe5 31. Ne6 Rc8 32. Nc7 Qxd5 33. Rxd5
Kf7 34. Ke2 Rd8 35. Ke3 Kf6 36. Nb5 Ke6 37. Nc7+ Kf6 38. Nb5 Ke6 39. Nc7+
1/2-1/2

[Event "Aalborg "]
[Site "Aalborg"]
[Date "1999.??.??"]
[Round "5"]
[White "Jorgensen, Jorgen"]
[Black "Bentzen, Eric"]
[Result "1/2-1/2"]
[WhiteElo "2264"]
[BlackElo "2360"]
[PlyCount "43"]
[EventDate "1999.??.??"]
[EventType "tourn"]
[EventRounds "7"]
[EventCountry "DEN"]
[EventCategory "1"]
[SourceTitle "EXT 2001"]
[Source "ChessBase"]
[SourceDate "2000.11.22"]

1. c4 e6 2. Nf3 d5 3. e3 Nf6 4. Nc3 c6 5. b3 Bd6 6. Bb2 O-O 7. Be2 Nbd7 8. Qc2
Re8 9. d4 dxc4 10. bxc4 e5 11. O-O Qe7 12. Rfe1 a6 13. Rad1 e4 14. Nd2 Nf8 15.
f3 exf3 16. Bxf3 c5 17. Nd5 Nxd5 18. cxd5 Bd7 19. Nc4 cxd4 20. Nxd6 Qxd6 21.
Bxd4 Ng6 22. Qc5 1/2-1/2

[Event "Aalborg "]
[Site "Aalborg"]
[Date "1999.??.??"]
[Round "6"]
[White "Nielsen, Jan"]
[Black "Bentzen, Eric"]
[Result "0-1"]
[WhiteElo "2219"]
[BlackElo "2360"]
[PlyCount "82"]
[EventDate "1999.??.??"]
[EventType "tourn"]
[EventRounds "7"]
[EventCountry "DEN"]
[EventCategory "1"]
[SourceTitle "EXT 2001"]
[Source "ChessBase"]
[SourceDate "2000.11.22"]

1. e4 e5 2. Nf3 d6 3. Bc4 Nc6 4. d3 g6 5. Nc3 Bg7 6. Bg5 Nf6 7. Nd5 h6 8. Nxf6+
Bxf6 9. Be3 Bg7 10. c3 O-O 11. Qd2 Kh7 12. h4 f6 13. O-O-O Na5 14. Rdg1 Nxc4
15. dxc4 Be6 16. Qe2 f5 17. Bg5 Qe8 18. exf5 gxf5 19. Bd2 Kg8 20. b3 a6 21. h5
b5 22. c5 e4 23. Nd4 dxc5 24. Nxe6 Qxe6 25. g4 fxg4 26. Rxg4 Rae8 27. Rhg1 Rf7
28. Qe3 Kh8 29. Qxc5 Qe5 30. Qe3 Rf3 31. Qe1 Re7 32. Rg6 b4 33. Be3 bxc3 34.
Bxh6 Bxh6+ 35. Rxh6+ Rh7 36. Rxa6 Rxh5 37. Qd1 Qd5 38. Ra8+ Kh7 39. Qe2 Qxa8
40. Qc4 Qd5 41. Qxc7+ Rf7 0-1

[Event "Aalborg "]
[Site "Aalborg"]
[Date "1999.??.??"]
[Round "2"]
[White "Nielsen, Jan"]
[Black "Jakobsen, Lars Veno"]
[Result "0-1"]
[WhiteElo "2219"]
[BlackElo "2325"]
[PlyCount "56"]
[EventDate "1999.??.??"]
[EventType "tourn"]
[EventRounds "7"]
[EventCountry "DEN"]
[EventCategory "1"]
[SourceTitle "EXT 2001"]
[Source "ChessBase"]
[SourceDate "2000.11.22"]

1. e4 c5 2. d3 Nc6 3. Be3 d6 4. Nc3 g6 5. Qd2 Bg7 6. g3 Rb8 7. Bg2 b5 8. f4 b4
9. Nd1 Bd7 10. Ne2 Qb6 11. O-O e6 12. h3 Nge7 13. Kh2 a5 14. a3 bxa3 15. Rxa3
O-O 16. h4 f5 17. c3 d5 18. e5 h5 19. Nc1 a4 20. b4 d4 21. Bg1 cxb4 22. Rxa4
bxc3 23. Qa2 Nb4 24. Qa3 Bxa4 25. Qxa4 Rfc8 26. Qd7 Ned5 27. Nb3 Rd8 28. Qa4
Ra8 0-1

[Event "Aalborg "]
[Site "Aalborg"]
[Date "1999.??.??"]
[Round "4"]
[White "Nielsen, Jan"]
[Black "Jorgensen, Jorgen"]
[Result "1-0"]
[WhiteElo "2219"]
[BlackElo "2264"]
[PlyCount "55"]
[EventDate "1999.??.??"]
[EventType "tourn"]
[EventRounds "7"]
[EventCountry "DEN"]
[EventCategory "1"]
[SourceTitle "EXT 2001"]
[Source "ChessBase"]
[SourceDate "2000.11.22"]

1. e4 Nf6 2. e5 Nd5 3. c4 Nb6 4. d4 d6 5. exd6 exd6 6. Nf3 Be7 7. Bd3 Bg4 8.
Be3 Nc6 9. Nbd2 Bf6 10. Qb3 O-O 11. a3 Bxf3 12. Nxf3 d5 13. c5 Nc4 14. O-O Re8
15. Rae1 g6 16. Bxc4 Na5 17. Qc3 Nxc4 18. Bf4 Rxe1 19. Rxe1 b6 20. c6 Qf8 21.
Ne5 Nxe5 22. Bxe5 Bxe5 23. Rxe5 Qd6 24. b4 a6 25. g3 b5 26. Qc5 Rd8 27. Re7 Rc8
28. Rd7 1-0

[Event "Aalborg "]
[Site "Aalborg"]
[Date "1999.??.??"]
[Round "6"]
[White "Nielsen, Tommy"]
[Black "Jakobsen, Lars Veno"]
[Result "0-1"]
[WhiteElo "2191"]
[BlackElo "2325"]
[PlyCount "144"]
[EventDate "1999.??.??"]
[EventType "tourn"]
[EventRounds "7"]
[EventCountry "DEN"]
[EventCategory "1"]
[SourceTitle "EXT 2001"]
[Source "ChessBase"]
[SourceDate "2000.11.22"]

1. e4 c5 2. Nf3 e6 3. d4 cxd4 4. Nxd4 a6 5. Bd3 Qb6 6. Nb3 Qc7 7. O-O Nf6 8. c4
d6 9. Nc3 Be7 10. f4 O-O 11. Rf3 Nbd7 12. Rh3 Rd8 13. Be3 Nf8 14. Qe2 b6 15.
Re1 N6d7 16. Qh5 g6 17. Qe2 Bf6 18. Qd2 Bg7 19. Bf2 Nc5 20. Nxc5 bxc5 21. Bh4
Re8 22. f5 f6 23. fxg6 Nxg6 24. Bf2 Rb8 25. b3 Qa5 26. Bb1 Rd8 27. Qc1 Bd7 28.
Rd1 Be8 29. Ne2 Qc7 30. Nf4 Nxf4 31. Qxf4 a5 32. Qg4 Qf7 33. Qh4 h5 34. Rhd3
Qe7 35. Qf4 a4 36. Qd2 axb3 37. axb3 Bg6 38. Rg3 Kf7 39. Qe2 e5 40. Rgd3 Bh6
41. Bh4 Bg5 42. Bxg5 fxg5 43. Rf3+ Kg7 44. Qd2 g4 45. Rc3 Qf6 46. Rf1 Qe6 47.
Bd3 Rf8 48. Rxf8 Rxf8 49. Rc1 Rf4 50. Ra1 h4 51. Ra7+ Rf7 52. Rxf7+ Qxf7 53.
Be2 g3 54. hxg3 hxg3 55. Bf3 Qf4 56. Qe1 Kf6 57. Kf1 Kg5 58. Qa5 Qc1+ 59. Ke2
Qc2+ 60. Ke1 Qf2+ 61. Kd1 Qd4+ 62. Ke2 Kf4 63. Qd8 Qb2+ 64. Ke1 Qc1+ 65. Bd1
Qc3+ 66. Kf1 Qd3+ 67. Ke1 Qxe4+ 68. Be2 Ke3 69. Qg5+ Qf4 70. Qxg6 Qf2+ 71. Kd1
Qxe2+ 72. Kc1 Qd2+ 0-1